[Event "FRM-chT 30th"]
[Site "Struga"]
[Date "2022.10.17"]
[Round "4.1"]
[White "Seitaj, Ilir"]
[Black "Saraci, Nderim"]
[Result "1-0"]
[WhiteElo "2337"]
[BlackElo "2480"]
[PlyCount "75"]
[EventDate "2022.10.14"]
[EventType "team-tourn"]
[EventRounds "7"]
[EventCountry "MKD"]
[SourceTitle "CBM 210 Extra"]
[Source "ChessBase"]
[SourceDate "2022.11.30"]
[SourceVersion "1"]
[SourceVersionDate "2022.11.30"]
[SourceQuality "1"]
[WhiteTeam "Shipkovica Anpasan"]
[BlackTeam "Gostivar"]
[WhiteTeamCountry "MKD"]
[BlackTeamCountry "MKD"]

1. e4 c5 2. Nf3 Nc6 3. c3 Nf6 4. e5 Nd5 5. d4 cxd4 6. cxd4 d6 7. Bc4 Nb6 8. Bb5 Bd7 9. Nc3 e6 10. a3 Be7 11. 0-0 dxe5 12. dxe5 a6 13. Bd3 Na5 14. Qe2 Na4 15. Ne4 Nb3 16. Rb1 Bc6 17. Rd1 Nd4 18. Nxd4 Qxd4 19. Bf4 0-0-0 20. Bc2 Qb6 21. Nd6+ Kb8 22. Be3 Qa5 23. Qg4 f6 24. b4 Qxe5 25. Nf7 Rxd1+ 26. Rxd1 Qb2 27. Nxh8 Qxc2 28. Rc1 Qd3 29. Qxe6 Nc3 30. Bf4+ Ka8 31. Re1 Nd5 32. Be3 Nxe3 33. Rxe3 Qd1+ 34. Re1 Qd4 35. Qxe7 Qg4 36. Qf8+ Ka7 37. Qc5+ Ka8 38. f3 1-0

[Event "EU-chT 23rd"]
[Site "Terme Catez"]
[Date "2021.11.21"]
[Round "9.4"]
[White "Seitaj, Ilir"]
[Black "Kanyamarala, Trisha"]
[Result "0-1"]
[WhiteElo "2351"]
[BlackElo "2089"]
[PlyCount "160"]
[EventDate "2021.11.12"]
[EventType "team-swiss"]
[EventRounds "9"]
[EventCountry "SLO"]
[SourceTitle "CBM 205"]
[Source "ChessBase"]
[SourceDate "2021.12.31"]
[SourceVersion "1"]
[SourceVersionDate "2021.12.31"]
[SourceQuality "1"]
[WhiteTeam "Albania"]
[BlackTeam "Ireland"]
[WhiteTeamCountry "ALB"]
[BlackTeamCountry "IRL"]

1. e4 c5 2. c3 Nf6 3. e5 Nd5 4. g3 d6 5. d4 cxd4 6. exd6 Qxd6 7. Bg2 Nc6 8. Ne2 Bg4 9. f3 Bf5 10. Nxd4 Nxd4 11. Qxd4 e5 12. Qa4+ Bd7 13. Qb3 Nb6 14. a4 Qc5 15. Qc2 Nd5 16. Qe2 Be7 17. Nd2 Ne3 18. Ne4 Nxg2+ 19. Qxg2 Qc8 20. Be3 f5 21. Nd2 0-0 22. Qe2 Be6 23. Qb5 Qc7 24. f4 Bd6 25. Rf1 Rfe8 26. 0-0-0 e4 27. Rfe1 b6 28. Kc2 Rf8 29. Bd4 Rac8 30. b3 Qf7 31. Kb2 Rfd8 32. Be3 Bc5 33. Bxc5 bxc5 34. Nf1 Qc7 35. Qa6 Bf7 36. Ne3 Rb8 37. c4 Rxd1 38. Rxd1 Rb6 39. Qxb6 axb6 40. Nxf5 h6 41. h4 e3 42. Nxe3 Qe7 43. Nd5 Qe2+ 44. Kc1 Bxd5 45. cxd5 Kf8 46. d6 Ke8 47. d7+ Kd8 48. Rd6 Qe3+ 49. Kc2 Qxg3 50. Rxb6 Kxd7 51. a5 Qf2+ 52. Kd3 Qd4+ 53. Kc2 Kc7 54. h5 Qxf4 55. Rg6 Qe4+ 56. Kc3 Qb4+ 57. Kc2 Qxa5 58. Rxg7+ Kc6 59. Rg6+ Kb5 60. Rxh6 Kb4 61. Rg6 Qa2+ 62. Kd3 Qxb3+ 63. Ke4 Qf7 64. Rb6+ Kc3 65. h6 c4 66. Ke5 Kd2 67. Rd6+ Kc2 68. Rf6 Qh5+ 69. Ke6 c3 70. Ke7 Kb2 71. Rb6+ Ka3 72. Rc6 Kb4 73. Rb6+ Kc5 74. Ra6 Qh4+ 75. Kd7 Qh3+ 76. Kc7 Qh2+ 77. Kd7 c2 78. Rc6+ Kb5 79. Rc8 Qxh6 80. Rxc2 Qh7+ 0-1

[Event "EU-chT 23rd"]
[Site "Terme Catez"]
[Date "2021.11.19"]
[Round "7.4"]
[White "Seo, Jung Min"]
[Black "Seitaj, Ilir"]
[Result "1-0"]
[WhiteElo "2455"]
[BlackElo "2351"]
[PlyCount "97"]
[EventDate "2021.11.12"]
[EventType "team-swiss"]
[EventRounds "9"]
[EventCountry "SLO"]
[SourceTitle "CBM 205"]
[Source "ChessBase"]
[SourceDate "2021.12.31"]
[SourceVersion "1"]
[SourceVersionDate "2021.12.31"]
[SourceQuality "1"]
[WhiteTeam "Sweden"]
[BlackTeam "Albania"]
[WhiteTeamCountry "SWE"]
[BlackTeamCountry "ALB"]

1. e4 e5 2. Nf3 Nc6 3. Bc4 Nf6 4. d3 Be7 5. 0-0 0-0 6. Re1 d6 7. a4 Be6 8. Nbd2 Qd7 9. c3 Kh8 10. a5 a6 11. Qb3 Rab8 12. Nf1 Bxc4 13. Qxc4 Nh5 14. Ne3 Bd8 15. d4 exd4 16. cxd4 Ne7 17. b3 Qc6 18. d5 Qxc4 19. bxc4 Nf4 20. Ra3 Neg6 21. g3 Nh5 22. Nf5 Ne7 23. N5d4 c5 24. Nb3 Nc8 25. e5 f5 26. Ra2 b5 27. axb6 Rxb6 28. Na5 dxe5 29. Nxe5 Nf6 30. Ba3 Be7 31. Nac6 Bd6 32. Rea1 Ne7 33. Nxe7 Bxe7 34. Nc6 Bd6 35. Bb2 Ne8 36. Bc3 Rb3 37. Be5 Rb6 38. f4 Bxe5 39. fxe5 Nc7 40. Ra5 f4 41. Rxc5 fxg3 42. hxg3 Rb3 43. Kg2 Rb2+ 44. Kh3 Ne8 45. Nd4 h5 46. Ne6 Rff2 47. Rh1 Kg8 48. d6 Rbd2 49. Rd5 1-0

[Event "FRM-chT 29th"]
[Site "Struga"]
[Date "2021.08.20"]
[Round "6"]
[White "Glavinac, Goran"]
[Black "Seitaj, Ilir"]
[Result "0-1"]
[WhiteElo "2103"]
[BlackElo "2345"]
[PlyCount "138"]
[EventDate "2021.08.15"]
[EventType "team-tourn"]
[EventRounds "7"]
[EventCountry "MKD"]
[SourceTitle "CBM 203 Extra"]
[Source "ChessBase"]
[SourceDate "2021.09.30"]
[SourceVersion "1"]
[SourceVersionDate "2021.09.30"]
[SourceQuality "1"]
[WhiteTeam "Skopje Karposh"]
[BlackTeam "Shipkovica Anpasan"]
[WhiteTeamCountry "MKD"]
[BlackTeamCountry "MKD"]

1. Nf3 Nf6 2. c4 e6 3. Nc3 d5 4. d4 Be7 5. Bg5 0-0 6. e3 Nbd7 7. cxd5 exd5 8. Bd3 c6 9. Qc2 Re8 10. 0-0 Nf8 11. h3 Be6 12. Rab1 a5 13. a3 N6d7 14. Bf4 Nb6 15. Na4 Nxa4 16. Qxa4 Nd7 17. Qc2 g6 18. Ne5 Nxe5 19. Bxe5 Bf8 20. Qe2 f6 21. Bg3 Bd6 22. Qf3 Kg7 23. Rfc1 Qc7 24. Bxd6 Qxd6 25. Qd1 a4 26. Bc2 b5 27. Bd3 Bd7 28. Qd2 f5 29. h4 Qf6 30. g3 h6 31. Kg2 Rh8 32. Be2 Raf8 33. Rh1 Qd6 34. Bd3 Rb8 35. Qc3 b4 36. axb4 Qxb4 37. Rhc1 Rb6 38. Qxb4 Rxb4 39. Ra1 Ra8 40. Ra2 Ra5 41. Kf1 Kf6 42. Ke2 Ke7 43. Rc5 Rxc5 44. dxc5 d4 45. Bc2 Be6 46. Rxa4 Rxb2 47. Kd3 dxe3 48. fxe3 Bd5 49. Kc3 Rb5 50. Kd4 Kf6 51. e4 fxe4 52. Bxe4 Bxe4 53. Kxe4 Rxc5 54. Ra8 Rc4+ 55. Kf3 h5 56. Rf8+ Ke5 57. Re8+ Kd5 58. Rd8+ Ke6 59. Re8+ Kd6 60. Rd8+ Ke7 61. Rd1 Ke6 62. Rd8 Rg4 63. Rd1 c5 64. Rg1 c4 65. Re1+ Kd5 66. Re8 c3 67. Rd8+ Kc4 68. Rc8+ Kd3 69. Rd8+ Rd4 0-1

[Event "FRM-chT 29th"]
[Site "Struga"]
[Date "2021.08.17"]
[Round "3"]
[White "Simjanovski, Saso"]
[Black "Seitaj, Ilir"]
[Result "1/2-1/2"]
[WhiteElo "2261"]
[BlackElo "2345"]
[PlyCount "131"]
[EventDate "2021.08.15"]
[EventType "team-tourn"]
[EventRounds "7"]
[EventCountry "MKD"]
[SourceTitle "CBM 203 Extra"]
[Source "ChessBase"]
[SourceDate "2021.09.30"]
[SourceVersion "1"]
[SourceVersionDate "2021.09.30"]
[SourceQuality "1"]
[WhiteTeam "Skopje MSK Centar"]
[BlackTeam "Shipkovica Anpasan"]
[WhiteTeamCountry "MKD"]
[BlackTeamCountry "MKD"]

1. Nf3 Nf6 2. g3 g6 3. Bg2 Bg7 4. 0-0 0-0 5. Re1 d5 6. d3 c5 7. Nbd2 Nc6 8. e4 dxe4 9. dxe4 e5 10. c3 b6 11. Qc2 Ba6 12. Bf1 Bxf1 13. Nxf1 Qd7 14. Kg2 h6 15. Ne3 Rad8 16. a4 Rfe8 17. Nd2 Na5 18. Ndc4 Nb7 19. f3 Qc6 20. b3 Qe6 21. Bb2 h5 22. Red1 Bh6 23. Rxd8 Rxd8 24. Rd1 Bxe3 25. Rxd8+ Nxd8 26. Nxe3 Nc6 27. Qd1 Qd7 28. Qxd7 Nxd7 29. Nc4 f6 30. Bc1 Kf7 31. h3 f5 32. exf5 gxf5 33. g4 f4 34. gxh5 Kg7 35. Bd2 a5 36. Be1 Kh6 37. Bd2 Kxh5 38. Be1 Kg5 39. Bd2 Kf5 40. Be1 Ke6 41. Bd2 Ne7 42. h4 Nd5 43. Kh3 N7f6 44. Be1 Kf5 45. Nd6+ Kg6 46. Nc4 Kf5 47. Nd6+ Kg6 48. Nc4 Nd7 49. Kg4 N5f6+ 50. Kh3 Kf5 51. b4 Ke6 52. bxa5 bxa5 53. Nxa5 Nb6 54. Nb7 Nxa4 55. c4 Kf5 56. Bf2 e4 57. Nd6+ Ke5 58. Nxe4 Nxe4 59. fxe4 Kxe4 60. Kg4 Nb2 61. Bxc5 Nxc4 62. h5 Ne3+ 63. Kh4 f3 64. Kg3 Nf5+ 65. Kf2 Nh6 66. Kg3 1/2-1/2

[Event "FIDE World Cup Europe Hybrid Qual"]
[Site "Tornelo INT"]
[Date "2021.05.24"]
[Round "1.1"]
[White "Hracek, Zbynek"]
[Black "Seitaj, Ilir"]
[Result "1-0"]
[WhiteElo "2565"]
[BlackElo "2333"]
[PlyCount "125"]
[EventDate "2021.05.24"]
[EventType "k.o."]
[EventRounds "3"]
[EventCountry "NET"]
[SourceTitle "CBM 202 Extra"]
[Source "ChessBase"]
[SourceDate "2021.07.31"]
[SourceVersion "1"]
[SourceVersionDate "2021.07.31"]
[SourceQuality "1"]

1. d4 d5 2. c4 e6 3. Nc3 Nf6 4. cxd5 exd5 5. Bg5 Be7 6. e3 0-0 7. Bd3 Nbd7 8. Nge2 Re8 9. 0-0 c6 10. f3 c5 11. Rc1 h6 12. Bh4 a6 13. dxc5 Nxc5 14. Bb1 Be6 15. Nf4 Rc8 16. Qc2 g5 17. Nxe6 Nxe6 18. Bf2 b5 19. Qf5 Ng7 20. Qd3 Qd7 21. a3 Rcd8 22. Rfd1 Ne6 23. Ba2 Nc7 24. Ne2 Ne6 25. Nc3 Nc7 26. Qc2 Bd6 27. Ne2 Rc8 28. Qc6 Rcd8 29. Nd4 a5 30. Bg3 Bxg3 31. Qxf6 Qd6 32. Qxd6 Bxd6 33. Nf5 Be5 34. Nxh6+ Kg7 35. Nf5+ Kf8 36. Rc2 Rd7 37. g3 a4 38. Rcd2 Red8 39. f4 Bf6 40. Kf2 Na6 41. fxg5 Bh8 42. Nd4 Nc5 43. Bb1 Nb3 44. Nxb3 axb3 45. Rd3 Bxb2 46. Rxb3 Bg7 47. Rxb5 d4 48. exd4 Rxd4 49. Rxd4 Rxd4 50. Rb8+ Ke7 51. Rb7+ Ke8 52. g6 Rd2+ 53. Kf3 Rxh2 54. gxf7+ Kf8 55. Bg6 Rh6 56. Rb6 Ke7 57. a4 Rh2 58. a5 Ra2 59. a6 Ra4 60. Bh5 Ra3+ 61. Kg2 Ra5 62. g4 Ra3 63. Rb7+ 1-0

[Event "Kosovo-chT"]
[Site "Pristina"]
[Date "2021.05.16"]
[Round "2.2"]
[White "Seitaj, Ilir"]
[Black "Delchev, Aleksander"]
[Result "1/2-1/2"]
[WhiteElo "2333"]
[BlackElo "2501"]
[PlyCount "94"]
[EventDate "2021.05.15"]
[EventType "team-tourn"]
[EventRounds "7"]
[EventCountry "KOS"]
[SourceTitle "CBM 202 Extra"]
[Source "ChessBase"]
[SourceDate "2021.07.31"]
[SourceVersion "1"]
[SourceVersionDate "2021.07.31"]
[SourceQuality "1"]
[WhiteTeam "Prishtina"]
[BlackTeam "Vellaznimi"]
[WhiteTeamCountry "KOS"]
[BlackTeamCountry "KOS"]

1. e4 c6 2. Nc3 d5 3. Nf3 Bg4 4. h3 Bxf3 5. Qxf3 e6 6. d4 Nf6 7. Bd3 dxe4 8. Nxe4 Nxe4 9. Qxe4 Qd5 10. 0-0 Qxe4 11. Bxe4 Nd7 12. Bf3 Nf6 13. Bg5 Be7 14. c4 0-0-0 15. Rfd1 Rd7 16. Bxf6 Bxf6 17. d5 Rhd8 18. dxe6 fxe6 19. Rxd7 Rxd7 20. Re1 Rd2 21. Rxe6 Rxb2 22. Re2 Rb4 23. Bg4+ Kc7 24. Be6 a5 25. g3 a4 26. Kg2 Kd6 27. h4 Kc5 28. h5 h6 29. f4 Rb1 30. Kf3 Ra1 31. Bc8 b6 32. Bd7 Rd1 33. Be8 Rd6 34. Bf7 Kb4 35. g4 Rd4 36. Re4 Rd3+ 37. Re3 Rd7 38. Be6 Rd1 39. g5 hxg5 40. fxg5 Bxg5 41. a3+ Kc5 42. Re5+ Kd6 43. Rxg5 Kxe6 44. Rxg7 Rh1 45. Rg6+ Kf5 46. Rxc6 Rxh5 47. Rxb6 Ke5 1/2-1/2

[Event "EU-chT 22nd"]
[Site "Batumi"]
[Date "2019.10.27"]
[Round "4.16"]
[White "Seitaj, Ilir"]
[Black "Nikitenko, Mihail"]
[Result "0-1"]
[WhiteElo "2346"]
[BlackElo "2423"]
[PlyCount "112"]
[EventDate "2019.10.24"]
[EventType "team-swiss"]
[EventRounds "9"]
[EventCountry "GEO"]
[SourceTitle "CBM 193"]
[Source "ChessBase"]
[SourceDate "2019.12.31"]
[SourceVersion "1"]
[SourceVersionDate "2019.12.31"]
[SourceQuality "1"]
[WhiteTeam "Albania"]
[BlackTeam "Belarus"]
[WhiteTeamCountry "ALB"]
[BlackTeamCountry "BLR"]

1. e4 e5 2. Nf3 Nc6 3. Nc3 Nf6 4. Bb5 Bd6 5. a3 0-0 6. 0-0 Re8 7. d3 h6 8. Ne2 Bf8 9. Ng3 a6 10. Ba4 d6 11. Re1 b5 12. Bb3 Na5 13. Ba2 c5 14. Bd2 Nc6 15. h3 d5 16. exd5 Nxd5 17. Ne4 Be6 18. Nc3 Nxc3 19. Bxc3 Bxa2 20. Rxa2 b4 21. axb4 cxb4 22. Bd2 Qd5 23. b3 a5 24. Nh2 Nd4 25. Ng4 Ra6 26. Ne3 Qa8 27. Kh1 Rg6 28. f3 Qd8 29. c3 Nc6 30. cxb4 axb4 31. Qb1 Nd4 32. Ng4 Qd5 33. Bc1 Nxf3 34. Re4 Nd4 35. Ne3 Qb5 36. Nc4 f5 37. Re1 f4 38. Bb2 Rg3 39. Bxd4 exd4 40. Rxe8 Qxe8 41. Kh2 Qg6 42. Qf1 Rxd3 43. Qxf4 Qf6 44. Qb8 Rxb3 45. Ra8 Rb1 46. Nd2 Rb2 47. Nc4 Rc2 48. Nb6 Qf2 49. Qg3 Qxg3+ 50. Kxg3 Kf7 51. Nd5 Bd6+ 52. Kf3 Ke6 53. Ra5 b3 54. Rb5 b2 55. Nb6 d3 56. Na4 d2 0-1

[Event "KOS-chT"]
[Site "Pristina"]
[Date "2019.04.29"]
[Round "1.3"]
[White "Seitaj, Ilir"]
[Black "Zabergja, Bekim"]
[Result "1-0"]
[WhiteElo "2354"]
[BlackElo "2012"]
[PlyCount "73"]
[EventDate "2019.04.29"]
[EventType "team-tourn"]
[EventRounds "7"]
[EventCountry "KOS"]
[SourceTitle "CBM 190 Extra"]
[Source "ChessBase"]
[SourceDate "2019.07.15"]
[SourceVersion "1"]
[SourceVersionDate "2019.07.15"]
[SourceQuality "1"]
[WhiteTeam "Prishtina"]
[BlackTeam "Llamkosi"]
[WhiteTeamCountry "KOS"]
[BlackTeamCountry "KOS"]

1. e4 c5 2. Nf3 Nc6 3. c3 e6 4. d4 d5 5. exd5 Qxd5 6. Bd3 cxd4 7. cxd4 Nb4 8. Be2 Qf5 9. 0-0 Bd7 10. Nc3 Bd6 11. Re1 Ne7 12. Bf1 0-0 13. Ne4 Bc7 14. Bd2 a5 15. Rc1 Bb6 16. Ne5 Bxd4 17. Bxb4 Bxe5 18. Bxe7 Bc6 19. Rxc6 bxc6 20. Bxf8 Rxf8 21. b3 Bc7 22. Ng3 Qf6 23. Qc2 Bb6 24. Ne4 Qd4 25. Rd1 Qe5 26. Qxc6 Bc7 27. g3 Bb8 28. Bg2 h5 29. h4 Ba7 30. Qc3 Qb5 31. a4 Qf5 32. Rd7 Bb6 33. Rb7 Bd8 34. Rb5 Qg4 35. Qf3 f5 36. Qxg4 hxg4 37. Nc5 1-0

[Event "Olympiad-43"]
[Site "Batumi"]
[Date "2018.10.04"]
[Round "10.4"]
[White "Lorenzana, Wilson Estuardo"]
[Black "Seitaj, Ilir"]
[Result "1/2-1/2"]
[WhiteElo "2292"]
[BlackElo "2360"]
[PlyCount "60"]
[EventDate "2018.09.24"]
[EventType "team-swiss"]
[EventRounds "11"]
[EventCountry "GEO"]
[SourceTitle "CBM 187"]
[Source "ChessBase"]
[SourceDate "2018.12.11"]
[SourceVersion "1"]
[SourceVersionDate "2018.12.11"]
[SourceQuality "1"]
[WhiteTeam "Guatemala"]
[BlackTeam "Albania"]
[WhiteTeamCountry "GUA"]
[BlackTeamCountry "ALB"]

1. e4 e5 2. Nf3 Nc6 3. Bc4 Nf6 4. d3 Be7 5. 0-0 0-0 6. Re1 d6 7. c3 Be6 8. Nbd2 Qd7 9. Bb5 a6 10. Bxc6 Qxc6 11. d4 exd4 12. Nxd4 Qd7 13. f4 Qc8 14. N2f3 Bd7 15. e5 dxe5 16. fxe5 Nd5 17. Bg5 Bxg5 18. Nxg5 Nf4 19. Qc2 Ng6 20. e6 fxe6 21. Ndxe6 Bxe6 22. Rxe6 Qd7 23. Rd1 Qb5 24. h4 Qc5+ 25. Rd4 Qf5 26. Qxf5 Rxf5 27. g3 Raf8 28. Re2 Ne5 29. Kg2 Nf3 30. Nxf3 Rxf3 1/2-1/2

[Event "KOS-chT"]
[Site "Pristina"]
[Date "2018.05.12"]
[Round "6.2"]
[White "Seitaj, Ilir"]
[Black "Budima, Armend"]
[Result "1/2-1/2"]
[WhiteElo "2353"]
[BlackElo "2215"]
[PlyCount "70"]
[EventDate "2018.05.07"]
[EventType "team-tourn"]
[EventRounds "7"]
[EventCountry "KOS"]
[SourceTitle "EXT 2019"]
[Source "ChessBase"]
[SourceDate "2018.10.10"]
[SourceVersion "1"]
[SourceVersionDate "2018.10.10"]
[SourceQuality "1"]
[WhiteTeam "Pristina"]
[BlackTeam "Dardania"]
[WhiteTeamCountry "KOS"]
[BlackTeamCountry "KOS"]

1. e4 c5 2. Nf3 d6 3. c3 Nf6 4. Bb5+ Bd7 5. Bxd7+ Nbxd7 6. d3 g6 7. 0-0 Bg7 8. Na3 0-0 9. Bg5 h6 10. Bd2 Rb8 11. Re1 Ne5 12. Qe2 Nxf3+ 13. Qxf3 Nd7 14. Qh3 h5 15. Nc2 Nf6 16. f4 Qb6 17. Rab1 e6 18. c4 d5 19. f5 exf5 20. exf5 Rbe8 21. b3 Ng4 22. Qf3 Qd6 23. Bf4 Be5 24. h3 Bxf4 25. hxg4 hxg4 26. Qxg4 d4 27. Rxe8 Rxe8 28. Rf1 Be3+ 29. Kh1 Qf6 30. Rf3 Kg7 31. g3 Re5 32. fxg6 Qxg6 33. Qxg6+ Kxg6 34. Kg2 Bd2 35. Rf2 Be1 1/2-1/2

[Event "KOS-chT"]
[Site "Pristina"]
[Date "2018.05.08"]
[Round "2.4"]
[White "Mehaj, Driton"]
[Black "Seitaj, Ilir"]
[Result "0-1"]
[WhiteElo "2109"]
[BlackElo "2353"]
[PlyCount "90"]
[EventDate "2018.05.07"]
[EventType "team-tourn"]
[EventRounds "7"]
[EventCountry "KOS"]
[SourceTitle "EXT 2019"]
[Source "ChessBase"]
[SourceDate "2018.10.10"]
[SourceVersion "1"]
[SourceVersionDate "2018.10.10"]
[SourceQuality "1"]
[WhiteTeam "Decani"]
[BlackTeam "Pristina"]
[WhiteTeamCountry "KOS"]
[BlackTeamCountry "KOS"]

1. d4 d5 2. Nf3 e6 3. c4 Nf6 4. Nc3 Be7 5. Bg5 0-0 6. e3 h6 7. Bh4 b6 8. Be2 Bb7 9. 0-0 Nbd7 10. Rc1 dxc4 11. Bxc4 a6 12. Qe2 b5 13. Bd3 Rc8 14. Rfd1 Nd5 15. Bg3 c5 16. dxc5 Nxc5 17. Nxd5 Bxd5 18. e4 Bb7 19. Bb1 Qb6 20. Bf4 b4 21. Ne5 Bg5 22. Bxg5 hxg5 23. Nc4 Qc7 24. b3 Nd7 25. Qd2 Rcd8 26. Nd6 Qb6 27. Nc4 Qb5 28. Nd6 Qb6 29. Qxg5 f6 30. Qg4 Nc5 31. Nc4 Qc7 32. h4 Rxd1+ 33. Rxd1 Rd8 34. Re1 Rd4 35. Qg6 Qf7 36. Qg3 e5 37. f3 Bc8 38. Rc1 Be6 39. Ne3 Qa7 40. Qf2 a5 41. Nf1 Qe7 42. Qe3 a4 43. bxa4 Nxa4 44. Ng3 Nc3 45. Ne2 Nd1 0-1

[Event "EU-chT (Men) 21st"]
[Site "Heraklion"]
[Date "2017.11.05"]
[Round "8.4"]
[White "Seitaj, Ilir"]
[Black "Martins, David Pires Tavares"]
[Result "0-1"]
[WhiteElo "2372"]
[BlackElo "2384"]
[PlyCount "106"]
[EventDate "2017.10.28"]
[EventType "team-swiss"]
[EventRounds "9"]
[EventCountry "GRE"]
[SourceTitle "CBM 182"]
[Source "ChessBase"]
[SourceDate "2018.01.17"]
[SourceVersion "1"]
[SourceVersionDate "2018.01.17"]
[SourceQuality "1"]
[WhiteTeam "Albania"]
[BlackTeam "Portugal"]
[WhiteTeamCountry "ALB"]
[BlackTeamCountry "POR"]

1. e4 e6 2. d4 d5 3. Nc3 Bb4 4. e5 c5 5. Bd2 Ne7 6. Nf3 cxd4 7. Nb5 Bxd2+ 8. Qxd2 0-0 9. Nbxd4 Nbc6 10. Bd3 f6 11. Qe3 Qc7 12. Nxc6 Nxc6 13. exf6 Rxf6 14. 0-0 e5 15. Bb5 Bg4 16. Bxc6 Bxf3 17. Ba4 Qc8 18. h3 e4 19. Kh2 Qc7+ 20. g3 Qe5 21. Bb3 Raf8 22. Qc5 Rd8 23. Rad1 Rf5 24. h4 Rh5 25. Kg1 Qe6 26. Qc7 Rf8 27. Kh2 Bxd1 28. Rxd1 e3 29. f4 e2 30. Re1 Qe4 31. Qc3 Rxf4 32. Bxd5+ Rxd5 33. gxf4 Qxf4+ 34. Qg3 Qxg3+ 35. Kxg3 Rd2 36. b4 Rxc2 37. a3 Kf7 38. Kf2 Kf6 39. Rb1 e1Q+ 40. Kxe1 Rh2 41. Rb3 Rxh4 42. Rc3 g5 43. Kf2 Rf4+ 44. Kg3 Kg6 45. Rd3 h5 46. Rd7 h4+ 47. Kg2 Rf7 48. Rd4 Kh5 49. b5 Rf4 50. Rd7 Kg4 51. Rg7 h3+ 52. Kh2 Rf2+ 53. Kg1 h2+ 0-1

[Event "EU-chT (Men) 21st"]
[Site "Heraklion"]
[Date "2017.11.04"]
[Round "7.4"]
[White "Seitaj, Ilir"]
[Black "Grant, Jonathan"]
[Result "1-0"]
[WhiteElo "2372"]
[BlackElo "2179"]
[PlyCount "103"]
[EventDate "2017.10.28"]
[EventType "team-swiss"]
[EventRounds "9"]
[EventCountry "GRE"]
[SourceTitle "CBM 182"]
[Source "ChessBase"]
[SourceDate "2018.01.17"]
[SourceVersion "1"]
[SourceVersionDate "2018.01.17"]
[SourceQuality "1"]
[WhiteTeam "Albania"]
[BlackTeam "Scotland"]
[WhiteTeamCountry "ALB"]
[BlackTeamCountry "SCO"]

1. e4 c6 2. Nc3 d5 3. Nf3 Bg4 4. h3 Bxf3 5. Qxf3 e6 6. d4 dxe4 7. Qxe4 Nf6 8. Qd3 Nbd7 9. Be2 g6 10. h4 h5 11. Bg5 Qc7 12. 0-0-0 Bh6 13. g3 0-0-0 14. Qf3 Qa5 15. Bxh6 Rxh6 16. Rhe1 Rhh8 17. Kb1 Rhe8 18. Bc4 Qf5 19. Qg2 Qa5 20. Qf1 Nb6 21. Bb3 Nbd5 22. Ne2 Re7 23. Nc1 Qb6 24. c3 a5 25. Ka1 Ng4 26. Nd3 Nh6 27. Ne5 Kb8 28. c4 Nb4 29. d5 a4 30. Bxa4 cxd5 31. cxd5 Nxd5 32. Bb3 Rc7 33. Nc4 Qb4 34. Ne3 Rcd7 35. Nxd5 exd5 36. Qd3 Nf5 37. Re5 d4 38. a3 Qb6 39. Rc1 Rc7 40. Rxc7 Qxc7 41. Rb5 Rd7 42. Ka2 Qc6 43. Re5 Rc7 44. Bd5 Qc5 45. Re8+ Ka7 46. Bb3 Re7 47. Rd8 Qc7 48. Rf8 Kb6 49. Bxf7 Qc6 50. Bc4 Qe4 51. Qb3+ Kc7 52. Bd5 1-0

[Event "EU-chT (Men) 21st"]
[Site "Heraklion"]
[Date "2017.10.30"]
[Round "3.4"]
[White "Sadiku, Bedri"]
[Black "Seitaj, Ilir"]
[Result "1/2-1/2"]
[WhiteElo "2213"]
[BlackElo "2372"]
[PlyCount "75"]
[EventDate "2017.10.28"]
[EventType "team-swiss"]
[EventRounds "9"]
[EventCountry "GRE"]
[SourceTitle "CBM 182"]
[Source "ChessBase"]
[SourceDate "2018.01.17"]
[SourceVersion "1"]
[SourceVersionDate "2018.01.17"]
[SourceQuality "1"]
[WhiteTeam "Kosovo"]
[BlackTeam "Albania"]
[WhiteTeamCountry "KOS"]
[BlackTeamCountry "ALB"]

1. Nf3 Nf6 2. g3 g6 3. Bg2 Bg7 4. 0-0 0-0 5. d3 d6 6. e4 c5 7. c4 Nc6 8. Nc3 Bg4 9. h3 Bxf3 10. Bxf3 Nd4 11. Bg2 Rb8 12. Be3 Nd7 13. Ne2 Nxe2+ 14. Qxe2 Ne5 15. Rab1 Nc6 16. Qd2 a6 17. a3 b5 18. b4 Nd4 19. f4 e6 20. Kh2 Qd7 21. Rfc1 Rfc8 22. Qa2 Rc7 23. Qf2 Rd8 24. Bd2 Rb8 25. Bc3 Rcc8 26. Re1 Nf3+ 27. Bxf3 Bxc3 28. Rec1 Bd4 29. Qa2 Qe7 30. h4 Qf6 31. Bg2 Qd8 32. a4 bxa4 33. Qxa4 cxb4 34. Rxb4 Rxb4 35. Qxb4 Rb8 36. Qa4 a5 37. Rc2 Rb4 38. Qc6 1/2-1/2

[Event "ALB-ch"]
[Site "Tirana"]
[Date "2017.09.27"]
[Round "5"]
[White "Meta, Bimi"]
[Black "Seitaj, Ilir"]
[Result "1-0"]
[WhiteElo "2046"]
[BlackElo "2372"]
[PlyCount "113"]
[EventDate "2017.09.23"]
[EventType "tourn"]
[EventRounds "9"]
[EventCountry "ALB"]
[SourceTitle "EXT 2019"]
[Source "ChessBase"]
[SourceDate "2018.10.10"]
[SourceVersion "1"]
[SourceVersionDate "2018.10.10"]
[SourceQuality "1"]

1. e4 c5 2. Nf3 Nc6 3. c3 d6 4. d4 cxd4 5. cxd4 e6 6. Nc3 Nf6 7. Bd3 Be7 8. 0-0 h6 9. Re1 0-0 10. a3 a6 11. e5 dxe5 12. dxe5 Ne8 13. Qe2 Nd4 14. Nxd4 Qxd4 15. Rd1 Qh4 16. Be3 f5 17. Bb6 g5 18. Rac1 Ng7 19. f3 Qh5 20. Bb1 Qe8 21. Qd3 Qc6 22. Qd4 Rd8 23. Qe3 Rxd1+ 24. Nxd1 Qd5 25. Bc2 f4 26. Qd3 Bc5+ 27. Bxc5 Qxc5+ 28. Nf2 Nf5 29. b4 Qd4 30. Rd1 Qxd3 31. Rxd3 Kf7 32. Rd8 Ke7 33. Rh8 Nd4 34. Bg6 a5 35. bxa5 Kd7 36. Rh7+ Kd8 37. Ne4 Rxa5 38. Nd6 Rxa3 39. Rh8+ Kd7 40. Rxc8 Ra1+ 41. Kf2 Ra2+ 42. Ke1 Rxg2 43. Be8+ Ke7 44. Rc7+ Kf8 45. Rf7+ Kg8 46. Ne4 Re2+ 47. Kf1 Rxe4 48. fxe4 Nf3 49. h3 Nxe5 50. Rxb7 Nc4 51. Bg6 h5 52. Rc7 Ne3+ 53. Ke2 g4 54. Bxh5 g3 55. Bf7+ Kh8 56. Bxe6 g2 57. Rc1 1-0

[Event "BIH-chT 16th"]
[Site "Sarajevo"]
[Date "2017.08.27"]
[Round "4.3"]
[White "Trkulja, Goran"]
[Black "Seitaj, Ilir"]
[Result "1/2-1/2"]
[WhiteElo "2292"]
[BlackElo "2372"]
[PlyCount "91"]
[EventDate "2017.08.24"]
[EventType "team-tourn"]
[EventRounds "9"]
[EventCountry "BIH"]
[SourceTitle "CBM 180 Extra"]
[Source "ChessBase"]
[SourceDate "2017.10.06"]
[SourceVersion "1"]
[SourceVersionDate "2017.10.06"]
[SourceQuality "1"]
[WhiteTeam "Zenica Celik"]
[BlackTeam "Konjic"]
[WhiteTeamCountry "BIH"]
[BlackTeamCountry "BIH"]

1. Nf3 Nf6 2. c4 g6 3. g3 Bg7 4. Bg2 0-0 5. 0-0 c6 6. d3 d6 7. Nc3 e5 8. c5 Re8 9. cxd6 Qxd6 10. Nd2 Nbd7 11. a4 Nc5 12. a5 Bg4 13. Nc4 Qd7 14. b4 Na6 15. Rb1 Nd5 16. Nxd5 cxd5 17. b5 Nc5 18. Ne3 Be6 19. Bb2 d4 20. Nc4 Rac8 21. Ba3 Bxc4 22. dxc4 e4 23. f3 e3 24. Bxc5 Rxc5 25. Qd3 Rec8 26. Rfc1 g5 27. f4 gxf4 28. gxf4 Qg4 29. Kh1 Qxf4 30. Rf1 Qh4 31. Bd5 Kh8 32. Rg1 b6 33. axb6 axb6 34. Rbf1 R5c7 35. Qf5 Re8 36. Rg4 Qh6 37. Rfg1 f6 38. Rxd4 Rce7 39. Rdg4 Rd8 40. Re4 Rxe4 41. Qxe4 f5 42. Qxf5 Qf6 43. Qxf6 Bxf6 44. Rg4 Be7 45. Kg2 Rf8 46. Bf3 1/2-1/2